| 000 | 00649nam a2200301Ia 4500 | ||
|---|---|---|---|
| 005 | 20260401122415.0 | ||
| 008 | 008 250103s9999 xx 000 0 eng d | ||
| 020 | _a9780300074512 | ||
| 037 | _aTB | ||
| 040 | _aEDL | ||
| 040 | _beng | ||
| 040 | _cEDL | ||
| 041 | _2eng | ||
| 041 | _aeng | ||
| 084 | _a759.94 SLI | ||
| 084 | _qEDL | ||
| 100 |
_aSlive, Seymour _91233516 |
||
| 245 | 0 | _aDutch Painting | |
| 245 | 0 | _cSlive, Seymour | |
| 260 | _aLondon | ||
| 260 | _bYale University Press | ||
| 260 | _c1995 | ||
| 300 | _a378p | ||
| 942 | _cTB | ||
| 942 | _h759.94 SLI | ||
| 999 |
_c1847067 _d1847067 |
||